| 000 | 00598nam a22001697a 4500 | ||
|---|---|---|---|
| 999 |
_c7984 _d7984 |
||
| 003 | GBCCL | ||
| 005 | 20241126110641.0 | ||
| 008 | 181122b ||||| |||| 00| 0 eng d | ||
| 040 | _cGBC | ||
| 082 |
_aARCH GBC-2008 _bSIN |
||
| 100 |
_aSinate, Thangsuolien _913936 |
||
| 245 |
_aPastoral Responsibility as a Counsellor to the Addiction of Alcohol With Special Reference to Churachandpur | _cThangsuolien Sinate |
||
| 260 |
_aNew Lamka: _bGrace Bible College, _c2008 |
||
| 300 |
_avii + 76 p.; _c21 x 29 cm. |
||
| 650 |
_aAlcoholism _vPastoral Counselling _zLamka _zChurachandpur _913937 |
||
| 942 |
_2ddc _cTH |
||